[Event "Metz op 24th"]
[Site "Metz"]
[Date "2006.04.24"]
[Round "3"]
[White "Lockwood, William"]
[Black "Alif, Francis"]
[Result "0-1"]
[WhiteElo "1948"]
[BlackElo "1728"]
[PlyCount "98"]
[EventDate "2006.04.22"]
[EventType "swiss"]
[EventRounds "9"]
[EventCountry "FRA"]
[SourceTitle "EXT 2007"]
[Source "ChessBase"]
[SourceDate "2006.11.23"]
[SourceVersion "1"]
[SourceVersionDate "2006.11.23"]
[SourceQuality "1"]

1. d4 Nf6 2. c4 e5 3. dxe5 Ne4 4. a3 d6 5. Nf3 Bf5 6. e3 Nc6 7. Be2 dxe5 8. 0-0 Qxd1 9. Rxd1 Be7 10. b4 a6 11. Bb2 Bf6 12. Nbd2 Nxd2 13. Rxd2 0-0 14. Rad1 Rfe8 15. h3 h5 16. Ne1 g6 17. Nd3 Bg7 18. g4 hxg4 19. hxg4 Bxd3 20. Bxd3 e4 21. Be2 Bxb2 22. Rxb2 Rad8 23. Rbd2 Rxd2 24. Rxd2 Rd8 25. Rxd8+ Nxd8 26. Kg2 Kg7 27. Kg3 f5 28. a4 Kf6 29. f3 exf3 30. Bxf3 b6 31. a5 bxa5 32. bxa5 c5 33. Bd5 g5 34. gxf5 Kxf5 35. e4+ Ke5 36. Kg4 Kf6 37. Ba8 Ne6 38. Bb7 Nc7 39. Bc8 Ke5 40. Bb7 Kd4 41. Bd5 Kc3 42. Kxg5 Kb4 43. e5 Kxa5 44. e6 Kb4 45. Kf5 a5 46. Ke5 a4 47. e7 a3 48. Kd6 Ne8+ 49. Ke6 a2 0-1